Careers in business

It takes a lot of time and effort to prepare for a profession—and this book takes you every step of the way to reaching that goal. Ideal whether you are college-bound or are ready to go back to school to gain the necessary degree, Careers in Business explores specific professions and then helps you...

Ausführliche Beschreibung

Gespeichert in:
Bibliographische Detailangaben
1. Verfasser: Stair, Lila B.
Format: Buch
Sprache:Undetermined
Veröffentlicht: New York, NY. McGraw-Hill 2006
Schlagworte:
Tags: Tag hinzufügen
Keine Tags, Fügen Sie den ersten Tag hinzu!
Thư viện lưu trữ: Trung tâm Học liệu Trường Đại học Cần Thơ
LEADER 00927nam a2200229Ia 4500
001 CTU_112704
008 210402s9999 xx 000 0 und d
020 |c 255500 
082 |a 650.1 
082 |b S782 
100 |a Stair, Lila B. 
245 0 |a Careers in business 
245 0 |c Lila B. Stair, Leslie Stair 
260 |a New York, NY. 
260 |b McGraw-Hill 
260 |c 2006 
520 |a It takes a lot of time and effort to prepare for a profession—and this book takes you every step of the way to reaching that goal. Ideal whether you are college-bound or are ready to go back to school to gain the necessary degree, Careers in Business explores specific professions and then helps you determine which job in that profession bests suits you. 
650 |a Business 
650 |x Vocational guidance 
650 |z United States 
904 |i Minh 
980 |a Trung tâm Học liệu Trường Đại học Cần Thơ